书目信息 |
| 题名: |
到火星去
|
|
| 作者: | ;中国青年出版社 编辑 | |
| 分册: | ||
| 出版信息: | 北京 中国青年出版社 1956 |
|
| 页数: | 91页 | |
| 开本: | 18cm | |
| 丛书名: | ||
| 单 册: | ||
| 中图分类: | P185.3 | |
| 科图分类: | ||
| 主题词: | 火星 | |
| 电子资源: | ||
| ISBN: | 10009.41 | |
| 000 | 00628cam0 2200229 450 | |
| 001 | 0105405762 | |
| 005 | 20070802143809.0 | |
| 010 | @a10009.41@dCNY0.26 | |
| 091 | @a10009.41@dCNY0.26 | |
| 100 | @a19970120d1956 em y0chiy0110 ea | |
| 101 | 0 | @achi |
| 102 | @aCN@b110000 | |
| 105 | @af z 000yy | |
| 106 | @ar | |
| 200 | 1 | @a到火星去@9Dao Huo Xing Qu @f中国青年出版社编辑@b专著 |
| 210 | @a北京@c中国青年出版社@d1956 | |
| 215 | @a91页@c图@d18cm | |
| 606 | 0 | @a火星 |
| 690 | @aP185.3@v3 | |
| 711 | 02 | @a中国青年出版社@9zhong guo qing nian chu ban she@4编辑 |
| 801 | 0 | @aCN@bAiZhiMarc |
| 905 | @aBZT@dP185.3@e5@f2@sP185.3/5 | |
| 到火星去/中国青年出版社编辑.-北京:中国青年出版社,1956 |
| 91页:图;18cm |
| ISBN 10009.41:CNY0.26 |
| ● |
| 相关链接 |
|
|
|
正题名:到火星去
索取号:P185.3/5
 
预约/预借
| 序号 | 登录号 | 条形码 | 馆藏地/架位号 | 状态 | 备注 |
| 1 | 2000076859 | 2000076859 | 旧书回溯/ [索取号:P185.3/5] | 在馆 | |
| 2 | 2000082909 | 2000082909 | 旧书回溯/ [索取号:P185.3/5] | 在馆 |